000 02206 a2200241 4500
001 47546
005 20260407155743.0
008 260407a2017 arg spa d
003 AR-UNSa-BCEJYS
040 _aAR-UNSa-BCEJYS
_bspa
_cAR-UNSa-BCEJYS
080 _a342.924
_xActos legales. Actos administrativos. (Procesal administrativo)
245 1 0 _aTeoría general del acto y el procedimiento administrativo
_pAnálisis doctrinario y jurisprudencial de las Leyes 5.348 (Salta) y 19.549 (Nación)
020 _a978-950-623-116-3
264 1 _aSalta :
_bEUCASA (Ediciones Universidad Católica de Salta)
_c2017
300 _a506 p.
_c23 cm.
505 _aPrimera Parte: El acto administrativo en la Provincia de Salta: 1. El derecho administrativo desde la teoría del conflicto - 2. El procedimiento administrativo a la luz de los tratados internacionales de derechos humanos - 3. Bases jurídicas del acto administrativo en la Provincia de Salta - 4. Conceptualización del "acto administrativo" - 5. Los elementos del acto administrativo en la Provincia de Salta - 6. La forma y el procedimiento del acto administrativo en las Leyes 5348 y 19549 - 7. Sistema de validez e invalidez del acto administrativo en Salta - 8. La extinción del acto administrativo en la ley 5348. - Segunda Parte: El procedimiento administrativo en la Provincia de Salta: 1. Nociones generales y principios basicos - 2. Las manifestaciones de voluntad administrativa durante el procedimiento - 3. La jerarquía en el procedimiento - 4. El expediente administrativo - 5. La notificación - 6. Los plazos - 7. La prueba - 8. Notas sobre el administrativo y el administrador - 9. Los escritos administrativos - 10. Vias impugnativas y reclativas - 11. De los recursos administrativos - 12. Procedimientos breves y especificos en la ley 5348 - 13. Amparo por mora en Salta - 14. El procedimiento administrativo para la defensa del consumidor - 15. Principios finales
041 _aspa
942 _cBK
590 _aniveau_biblio:m niveau_hierar:0
100 1 _aNallar, Daniel M.
700 1 _aViltes Monier, Jorge O.
856 4 1 _uhttps://www.biblioeco.unsa.edu.ar/pmb/images/libros/L127614.jpg
_yImagen de portada
_qimage/jpeg
999 _c4418
_d4418